Countries closest to Taiwan - Statistics

General Stats
  • This quiz has been taken 16 times
  • The average score is 9 of 10
Answer Stats
Distance (km) Answer % Correct
3 China
100%
107 Japan
100%
1372 North Korea
100%
924 South Korea
100%
1305 Vietnam
100%
1604 Cambodia
93%
1529 Laos
93%
98 Philippines
93%
513 Hong Kong
50%
601 Macau
50%
No matching quizzes found
Score Distribution
Percent of People with Each Score
Percentile by Number Answered
Your Score History
You have not taken this quiz